Normal view
MARC view
- David G. Stork, Elad Yom-Tov
Entry Personal Name
001 - CONTROL NUMBER
- control field: 134423
003 - CONTROL NUMBER IDENTIFIER
- control field: NUST
005 - DATE AND TIME OF LATEST TRANSACTION
- control field: 20260512151958.0
008 - FIXED-LENGTH DATA ELEMENTS
- fixed length control field: 260512|| aca||aabn | a|a d
040 ## - CATALOGING SOURCE
- Original cataloging agency: NUST
- Transcribing agency: NUST
100 ## - HEADING--PERSONAL NAME
- Personal name: David G. Stork, Elad Yom-Tov
670 ## - SOURCE DATA FOUND
- Source citation: Work cat.: (NUST): David G. Stork, Elad Yom-Tov., Computer Manual in MATLAB to accompany Pattern Classification /, 2004.
